000 00347nam a22001337a 4500
027 _qPB.
040 _cFIZZA ISHAQ
082 _a301.01
_bKAP
100 _aKaplan , David.
_9133747
245 _aCULTURE THEORY /
_cDavid Kaplan.
260 _aNew Jersey:
_bPrentice Hall,
_c1972.
300 _a212 P. ;
_c8.9 X 5.8 X 0.6 inches
942 _2ddc
_cBK
999 _c616705
_d616705